000 00587nam a2200169 i 4500
001 83350
003 ES-MaACL
005 20230906174820.0
007 t|
008 041116s1974 sp ||||1| spa d
245 0 0 _aEstadística de la producción editorial
_b: libros y publicaciones periódicas : año 1973 /
_cInstituto Nacional de Estadística.
260 _aMadrid :
_b[s.n.,
_c1974]
300 _a25 p. ;
_c27 cm.
650 4 _aEdición-
_zEspaña-
_vEstadísticas.
_9151358
710 2 _aInstituto Nacional de Estadística (España)
_95162
852 _aES-MaACL
_j2091-F-28
_bR.89066
999 _c83350
_d83350